| 000 | 00499nam a2200181Ia 4500 | ||
|---|---|---|---|
| 001 | 13838 | ||
| 005 | 20260306164830.0 | ||
| 008 | 260306t2016||||xx |||||||||||||| ||spa|| | ||
| 041 | _aESP | ||
| 082 |
_a005.369 _bS18 |
||
| 100 |
_aSalazar Castañeda, Francisco Manuel _eAUT |
||
| 245 | 0 |
_aGestión de proyectos con project bajo el enfoque del PMI: _bbajo el enfoque del PMI |
|
| 260 | _c2016 | ||
| 300 |
_a286 páginas : _c25 cm. |
||
| 650 | _aGEN | ||
| 654 | _aCCC | ||
| 942 |
_cLIB _dJUS _fJUS _2ddc _n |
||
| 999 |
_c13838 _d13838 |
||